000 002410000a22000970004500
100 1 _aRanney, Stephen L.
245 1 0 _aWater buffalo : The farmer's gentle partner
300 _aNúm 4 (1984), Páginas 32-34
773 0 _tTogether
942 _cANA
999 _c57031
_d57031